02156cam a2200181 a 4500020001500000022001800015050002100033100001700054245013300071260007400204300003200278500019000310505134300500650005301843650003301896700001901929700002601948 a0521461103 a978052146110800aHG3997.55b.G58  aReuven Glick00aExchange rate policy and interdependence :bperspectives from the Pacific basin /cedited by Reuven Glick, Michael M. Hutchison. aCambridge [England] ;aNew York :bCambridge University Press,c1994. ax, 375 p. :bill. ;c24 cm. aEssays originally prepared for a conference sponsored by the Center for Pacific Basin Monetary and Economic Studies at the Federal Reserve Bank of San Francisco, held Sept. 16-18, 1992. aFinancial links around the Pacific Rim : 1982-1992 / Menzie D. Chinn and Jeffrey A. Frankel -- Relative returns on equities in Pacific Basin countries / Charles Engel and John H. Rogers -- Exchange rate policy, international capital mobility, and monetary policy instruments / Michael P. Dooley and Donald J. Mathieson -- Exchange rate management : a partial review / Stephen J. Turnovsky -- Exchange rate policy and insulation from external shocks : the cases of Korea and Taiwan, 1970-1990 / Ramon Moreno -- Trade price shocks and insulation : Australia's experience with floating rates / John Pitchford -- The role of the exchange rate in New Zealand monetary policy / Arthur Grimes and Jason Wong -- Officially floating, implicitly targeted exchange rates : examples from the Pacific Basin / Helen Popper and Julia Lowell -- Monetary policy, intervention, and exchange rates in Japan / Reuven Glick and Michael M. Hutchison -- The signaling effect of foreign exchange intervention : the case of Japan / Tsutomu Watanabe -- Sterilization of the monetary effects of current account surpluses and its consequences : Korea, 1986-1990 / Sung Y. Kwack -- On the possibility of a yen bloc / Takatoshi Ito -- Economic fundamentals and a yen currency area for Asian Pacific Rim countries / Michael Melvin, Michael Ormiston, and Bettina Peiers. 0aForeign exchangexGovernment policyxCongresses. 0aMonetary policyxCongresses.1 aGlick, Reuven.1 aHutchison, Michael M.